Economic sociology/ (Record no. 11680)

MARC details
000 -LEADER
fixed length control field 00629nam a22002297a 4500
005 - DATE AND TIME OF LATEST TRANSACTION
control field 20260515114959.0
008 - FIXED-LENGTH DATA ELEMENTS--GENERAL INFORMATION
fixed length control field 231012b ||||| |||| 00| 0 eng d
020 ## - INTERNATIONAL STANDARD BOOK NUMBER
International Standard Book Number 9789391060619
040 ## - CATALOGING SOURCE
Original cataloging agency IN-DiNC
Transcribing agency IN-DiNC
041 ## - LANGUAGE CODE
Language code of sung or spoken text eng
082 ## - DEWEY DECIMAL CLASSIFICATION NUMBER
Classification number 306.3
Item number ECO
245 ## - TITLE STATEMENT
Title Economic sociology/
Statement of responsibility, etc. by Moushumi Bordoloi and others
250 ## - EDITION STATEMENT
Edition statement 1st ed.
260 ## - PUBLICATION, DISTRIBUTION, ETC.
Place of publication, distribution, etc. Dibrugarh:
Name of publisher, distributor, etc. Banalata,
Date of publication, distribution, etc. 2021.
300 ## - PHYSICAL DESCRIPTION
Extent 195p.
650 ## - SUBJECT ADDED ENTRY--TOPICAL TERM
Topical term or geographic name entry element Economic sociology
700 ## - ADDED ENTRY--PERSONAL NAME
Personal name Bordoloi, Moushumi
Relator term author
700 ## - ADDED ENTRY--PERSONAL NAME
Personal name Dasgupta, Piyali
Relator term author
700 ## - ADDED ENTRY--PERSONAL NAME
Personal name Borah, Priyanka
Relator term author
700 ## - ADDED ENTRY--PERSONAL NAME
Personal name Weingken, Lawn
Relator term author
942 ## - ADDED ENTRY ELEMENTS (KOHA)
Source of classification or shelving scheme Dewey Decimal Classification
Koha item type Books
Holdings
Withdrawn status Lost status Source of classification or shelving scheme Damaged status Not for loan Collection Home library Current library Shelving location Date acquired Cost, normal purchase price Total checkouts Full call number Barcode Date last seen Copy number Price effective from Koha item type Date last checked out
    Dewey Decimal Classification       Naharkatiya College Library Naharkatiya College Library General stacks 10/12/2023 200.00   306.3 ECO 29562 10/12/2023 1 10/12/2023 Books  
    Dewey Decimal Classification       Naharkatiya College Library Naharkatiya College Library General stacks 10/12/2023 200.00 1 306.3 ECO 29563 05/30/2024 2 10/12/2023 Books 02/16/2024